000 00304nam a22001217a 4500
020 _a978-93-5009-852-3
082 _a030
_bHAC/H
100 _aHACHETTE
245 _aON THIS DAY
_bTHE HISTORY OF THE WORLD IN 366 DAYS
260 _aDELHI
_bHATCHETTE INDIA
650 _aHISTORY REFERENCE
_zINDIA
942 _cBK
999 _c1884
_d1884